Observations Upon the Windward Coast of Africa : (Record no. 241794)
[ view plain ]
| 000 -LEADER | |
|---|---|
| fixed length control field | 01102cam a22002413a 4500 |
| 001 - CONTROL NUMBER | |
| control field | 12539 |
| 003 - CONTROL NUMBER IDENTIFIER | |
| control field | PGUSA |
| 005 - DATE AND TIME OF LATEST TRANSACTION | |
| control field | 20140828083252.0 |
| 008 - FIXED-LENGTH DATA ELEMENTS--GENERAL INFORMATION | |
| fixed length control field | 040601s2004||||xxu|||||s|||||000 | eng d |
| 040 ## - CATALOGING SOURCE | |
| Original cataloging agency | PGUSA |
| Language of cataloging | eng |
| 042 ## - AUTHENTICATION CODE | |
| Authentication code | dc |
| 050 #4 - LIBRARY OF CONGRESS CALL NUMBER | |
| Classification number | DT |
| 100 1# - MAIN ENTRY--PERSONAL NAME | |
| Personal name | Corry, Joseph |
| 245 10 - TITLE STATEMENT | |
| Title | Observations Upon the Windward Coast of Africa : |
| Remainder of title | The religion, character, customs, &c. of the natives; with a system upon which they may be civilized, and a knowledge attained of the interior of this extraordinary quarter of the globe; and upon the natural and commercial resources of the country; made in the years 1805 and 1806; with an appendix, containing a letter to Lord Howick, on the most simple and effectual means of abolishing the slave trade |
| Medium | [electronic resource] / |
| Statement of responsibility, etc | Joseph Corry |
| 260 ## - PUBLICATION, DISTRIBUTION, ETC. (IMPRINT) | |
| Name of publisher, distributor, etc | Project Gutenberg, |
| Date of publication, distribution, etc | 2004 |
| 506 ## - RESTRICTIONS ON ACCESS NOTE | |
| Terms governing access | Public domain in the USA. |
| 516 ## - TYPE OF COMPUTER FILE OR DATA NOTE | |
| Type of computer file or data note | Electronic text |
| 653 ## - INDEX TERM--UNCONTROLLED | |
| Uncontrolled term | Africa, West -- Description and travel |
| 653 ## - INDEX TERM--UNCONTROLLED | |
| Uncontrolled term | Slave trade -- Africa |
| 830 #0 - SERIES ADDED ENTRY--UNIFORM TITLE | |
| Uniform title | Project Gutenberg |
| Volume number/sequential designation | 12539 |
| 856 40 - ELECTRONIC LOCATION AND ACCESS | |
| Uniform Resource Identifier | <a href="http://www.gutenberg.org/ebooks/12539">http://www.gutenberg.org/ebooks/12539</a> |
| 942 ## - ADDED ENTRY ELEMENTS (KOHA) | |
| Koha item type | eBooks |
| Withdrawn status | Lost status | Damaged status | Home library | Current library | Date acquired | Total Checkouts | Date last seen | Price effective from | Koha item type |
|---|---|---|---|---|---|---|---|---|---|
| Project Gutenberg | Project Gutenberg | 08/28/2014 | 08/28/2014 | 08/28/2014 | eBooks |